Accounting (Record no. 2959)
[ view plain ]
| 005 - DATE AND TIME OF LATEST TRANSACTION | |
|---|---|
| control field | 20250602083452.0 |
| 020 ## - INTERNATIONAL STANDARD BOOK NUMBER | |
| International Standard Book Number | 0-13-240806-6 |
| 100 ## - MAIN ENTRY--PERSONAL NAME | |
| Author name | HORNGREN, C.T |
| 245 ## - TITLE STATEMENT | |
| Title | Accounting |
| 250 ## - EDITION STATEMENT | |
| Edition statement | 7th Ed |
| 260 ## - PUBLICATION, DISTRIBUTION, ETC. | |
| Place of publication, distribution, etc. | New Jersey |
| Name of publisher, distributor, etc. | Pearson Prentice Hall |
| Date of publication, distribution, etc. | 2007 |
| 300 ## - PHYSICAL DESCRIPTION | |
| Extent | xx, 1297p.: ill; graphs, tables. |
| Other physical details | Glossary & Index, |
| Dimensions | 27.5 cm |
| 942 ## - ADDED ENTRY ELEMENTS (KOHA) | |
| Source of classification or shelving scheme | Dewey Decimal Classification |
| Koha item type | Books |
| Date last seen | Total checkouts | Full call number | Barcode | Cost, replacement price | Price effective from | Koha item type | Lost status | Source of classification or shelving scheme | Damaged status | Not for loan | Withdrawn status | Home library | Current library | Shelving location | Date acquired | Cost, normal purchase price | Source of acquisition |
|---|---|---|---|---|---|---|---|---|---|---|---|---|---|---|---|---|---|
| 06/02/2025 | 657 HAR | MBY00043 | 105000.00 | 06/02/2025 | Books | Dewey Decimal Classification | CBE MBEYA | CBE MBEYA | Special Reserve Collection | 06/22/2022 | 35000.00 | ||||||
| 06/24/2025 | 657 HAR | MBY000234 | 105000.00 | 06/24/2025 | Books | Dewey Decimal Classification | CBE MBEYA | CBE MBEYA | General Collection | 06/24/2025 | 35000.00 | PURCHASE |
